000 00747nam a2200217Ia 4500
003 GCL
008 140319s9999 xx 000 0 ara d
040 _aGCL /
_cGCL
082 0 4 _aم
_b603
_bم م
100 1 _aمصطفى نظيف
245 1 0 _aمعجم المصطلحات الفنية ( انجليزى - عربى )DICTIONARY OF TECHNICAL TERMS ENGLISH ARABIC /
_cمصطفى نظيف
700 1 _aاحمد منير البربرى
700 1 _aابراهيم حسن سليم
300 _a847 ص
490 _aالهيئة العامة للاستعلامات
_v0
650 0 4 _aالكهرباء
650 0 4 _aالقواميس
650 0 4 _aالميكانيكا
650 0 4 _aالقواميس انجليزى - عربى
942 _2ddc
_cBK
999 _c48388
_d48388